| 000 | 00940cam a2200205 i 4500 | ||
|---|---|---|---|
| 005 | 20251204082616.0 | ||
| 008 | 250721r2006 ua gr 000 0 ara d | ||
| 082 | 1 | 4 |
_a214.3 _bت ي م |
| 100 | 1 |
_aابن تيمية، تقي الدين أبو العباس أحمد بن عبد الحليم بن عبد _eمؤلف. |
|
| 245 | 1 | 0 |
_aثبوت النبوات عقلا ونقلا والمعجزات والكرامات / _cشيخ الاسلام تقي الدين أبو العباس أحمد بن عبد الحليم بن عبد بن تيمية ؛ تحقيق د. محمد يسرى سلامة. |
| 250 | _aالطبعة الاولى. | ||
| 264 | 3 | 1 |
_aالقاهرة : _bدار ابن الجوزي، _c2006. |
| 300 | _a704 صفحة. | ||
| 650 | 1 | 7 | _aالنبوه. |
| 650 | 1 | 7 | _aالعقيده الدينيه. |
| 650 | 1 | 7 | _aالاسلام. |
| 700 | 1 |
_aسلامة، محمد يسري _eمحقق. |
|
| 942 |
_2ddc _cBK |
||
| 999 |
_c3330 _d3330 |
||